000 00757nam a2200265Ia 4500
003 OSt
005 20221006145120.0
006 a|||||r|||| 00| 0
007 ta
008 221006b |||||||| |||| 00| 0 eng d
020 _a8170620260
_c180.00
024 _a13,815
037 _cTextual
040 _aEASL
_cEASL
_beng
041 _2eng
_aeng
082 _aV55:191(zP)p2.N86, M7
100 _aSUBRAHMANYAM K Ed.
245 0 _aGlobal security
_b Some issuesand trends
260 _aNew Delhi
_bLancer International
_c1987
300 _a177p.
_ccm.
490 _v Oth
700 _a SINGH Jasjit Ed.
942 _hV55:191(zP)p2.N86, M7
_cTEXL
_2CC
999 _c1081901
_d1081901